00478 2200181 4500001002100000005001700021006001900038008004100057020001800098035002500116041000700141082001000148090001600158100003300174245003700207260003200244300002000276INLIS00000000000168920140317153457.0a ||| | 180719| ||| | id  a979-518-735-X a0010-031300000001689 aid0 a633.1 a633.1 NUR s0 aDr. Ir. Hj. Tati Nurmala S.W00aSerelia Sumber Karbohidrat Utama aBandungbRineka Ciptac1998 a93 hal, 20,5 cm